Sobre casi nada

Uloženo v:
Podrobná bibliografie
Hlavní autor: Camba, Julio
Médium: Kniha
Jazyk:Undetermined
Vydáno: Buenos Aires, Argentina Espasa-Calpe 1947
Témata:
Tagy: Přidat tag
Žádné tagy, Buďte první, kdo vytvoří štítek k tomuto záznamu!

MARC

LEADER 00000nam a2200000Ia 4500
008 170316s9999 xx 000 0 und d
040 |a cru BVZT 
090 |a 862 C-5s 
100 |a Camba, Julio 
245 |a Sobre casi nada 
260 |a Buenos Aires, Argentina 
260 |b Espasa-Calpe 
260 |c 1947 
300 |a 165 páginas 
650 |a LITERATURA ESPAÑOLA 
999 |c 9778  |d 9778 
942 |c 15 D  |h 862 C-5s  |2 z